| 000 | 00634nam a2200205 u 4500 | ||
|---|---|---|---|
| 005 | 20210223131312.0 | ||
| 008 | 100603s2006 mx r 000 0 spa d | ||
| 020 | _a9681868552 (10 dígitos) | ||
| 020 | _a9789681868550 (13 dígitos) | ||
| 035 | _aUPN01000176330 | ||
| 049 | _aCG | ||
| 050 | 4 |
_aT339 _bC3.6 |
|
| 100 | 1 | _aCasey, Susan | |
| 245 | 1 | 1 |
_a¡Niños inventando! : _bproyectos hechos realidad de jóvenes creativos / _cSusan Casey. |
| 260 |
_aMéxico : _bLimusa-Wiley, _c2006. |
||
| 300 |
_a135 p. : _bil. |
||
| 650 | 4 |
_aINVENTOS - _vLITERATURA JUVENIL _917312 |
|
| 650 | 4 |
_aNIÑOS COMO INVENTORES _917313 |
|
| 905 | _aLibro | ||
| 999 |
_c148433 _d148433 |
||